[Event "EU-chT 24th"]
[Site "Budva"]
[Date "2023.11.11"]
[Round "1.3"]
[White "Sahidi, Samir"]
[Black "Hauge, Lars Oskar"]
[Result "1/2-1/2"]
[WhiteElo "2464"]
[BlackElo "2498"]
[PlyCount "85"]
[EventDate "2023.11.11"]
[EventType "team-swiss"]
[EventRounds "9"]
[EventCountry "MNE"]
[SourceTitle "CB47_2023"]
[SourceDate "2023.11.22"]
[SourceVersion "1"]
[SourceVersionDate "2023.11.22"]
[SourceQuality "1"]
[WhiteTeam "Slovakia"]
[BlackTeam "Norway"]
[WhiteTeamCountry "SVK"]
[BlackTeamCountry "NOR"]

1. d4 Nf6 2. c4 e6 3. Nf3 d5 4. Nc3 Be7 5. Bg5 0-0 6. e3 Nbd7 7. Rc1 h6 8. Bh4 c5 9. dxc5 dxc4 10. Bxc4 Nxc5 11. 0-0 a6 12. Nd4 Nfe4 13. Bxe7 Qxe7 14. Nxe4 Nxe4 15. Qc2 Nd6 16. Be2 Bd7 17. Qc5 Rfc8 18. Qb6 Rxc1 19. Rxc1 Rc8 20. Rd1 Be8 21. Bf3 e5 22. Ne2 Bc6 23. Bxc6 Rxc6 24. Qb4 Qe6 25. Nc3 Kh7 26. h3 b5 27. b3 Ne8 28. Nd5 Nf6 29. Nxf6+ Qxf6 30. Qe4+ g6 31. Rd2 Rd6 32. Rc2 Qf5 33. Qxf5 gxf5 34. Kf1 Kg7 35. Ke2 Kf6 36. Rc8 Ke7 37. Rh8 Rc6 38. Kd2 Rd6+ 39. Kc3 Rc6+ 40. Kd3 Rd6+ 41. Kc3 Rc6+ 42. Kb2 Rd6 43. Kc3 1/2-1/2

[Event "SWE-chT 2324 Elite"]
[Site "Sweden"]
[Date "2023.10.14"]
[Round "2.2"]
[White "Sumets, Andrey"]
[Black "Hauge, Lars Oskar"]
[Result "1-0"]
[WhiteElo "2521"]
[BlackElo "2509"]
[PlyCount "65"]
[EventDate "2023.10.13"]
[EventType "team-tourn"]
[EventRounds "9"]
[EventCountry "SWE"]
[SourceTitle "Mega2024 Update 01"]
[Source "Chessbase"]
[SourceDate "2023.11.12"]
[SourceVersion "1"]
[SourceVersionDate "2023.11.12"]
[SourceQuality "1"]
[WhiteTeam "Vaxjo"]
[BlackTeam "Stockholm CC"]
[WhiteTeamCountry "SWE"]
[BlackTeamCountry "SWE"]

1. d4 d5 2. c4 e6 3. Nf3 Nf6 4. g3 dxc4 5. Bg2 c6 6. 0-0 b5 7. Ne5 Bb7 8. a4 a6 9. Nc3 Qb6 10. b3 cxb3 11. Qxb3 Nbd7 12. Nxd7 Nxd7 13. Be3 Rb8 14. Rfc1 c5 15. Bxb7 Qxb7 16. axb5 axb5 17. Bf4 c4 18. Qb1 e5 19. dxe5 g5 20. Bxg5 Bg7 21. Ra5 0-0 22. Be7 b4 23. Rb5 Qc6 24. Qxb4 Rfe8 25. Rxb8 Rxb8 26. Qd6 Qc8 27. f4 Rb6 28. Qd4 Qb7 29. Ne4 Rb1 30. Rxb1 Qxb1+ 31. Kf2 h6 32. Nd2 Qh1 33. Nf3 1-0

[Event "SWE-chT 2223 Elite"]
[Site "Sweden"]
[Date "2023.03.11"]
[Round "8.2"]
[White "Hauge, Lars Oskar"]
[Black "Seo, Jung Min"]
[Result "1/2-1/2"]
[WhiteElo "2531"]
[BlackElo "2520"]
[PlyCount "81"]
[EventDate "2022.10.14"]
[EventType "team-tourn"]
[EventRounds "9"]
[EventCountry "SWE"]
[SourceTitle "CBM 213 Extra"]
[Source "ChessBase"]
[SourceDate "2023.05.31"]
[SourceVersion "1"]
[SourceVersionDate "2023.05.31"]
[SourceQuality "1"]
[WhiteTeam "Stockholm CC"]
[BlackTeam "Stockholm Rockaden"]
[WhiteTeamCountry "SWE"]
[BlackTeamCountry "SWE"]

1. e4 c5 2. Nf3 d6 3. d4 cxd4 4. Nxd4 Nf6 5. Nc3 a6 6. Bc4 e6 7. Bb3 b5 8. f4 Qc7 9. f5 e5 10. Nde2 Bb7 11. Nd5 Nxd5 12. Bxd5 Nd7 13. Bg5 h6 14. Bh4 Be7 15. Bxe7 Kxe7 16. Bxb7 Qxb7 17. Nc3 Nf6 18. Qf3 Rhc8 19. 0-0-0 Rc5 20. Nd5+ Nxd5 21. Rxd5 Rxd5 22. exd5 f6 23. g4 Rc8 24. h4 Qc7 25. Qg2 Qc4 26. Kb1 Qf4 27. Rf1 Qd4 28. g5 Qxh4 29. gxh6 Qxh6 30. Qf2 Rc5 31. b4 Rc4 32. Qa7+ Kf8 33. a3 Qd2 34. Qa8+ Ke7 35. Rc1 Rxb4+ 36. axb4 Qxb4+ 37. Ka2 Qa4+ 38. Kb2 Qb4+ 39. Ka2 Qa4+ 40. Kb2 Qb4+ 41. Ka2 1/2-1/2

[Event "NOR-chT Elite 2223"]
[Site "Norway"]
[Date "2023.01.15"]
[Round "6.41"]
[White "Pantzar, Milton"]
[Black "Hauge, Lars Oskar"]
[Result "1/2-1/2"]
[WhiteElo "2466"]
[BlackElo "2512"]
[PlyCount "44"]
[EventDate "2022.11.11"]
[EventType "team-tourn"]
[EventRounds "9"]
[EventCountry "NOR"]
[SourceTitle "CBM 213 Extra"]
[Source "ChessBase"]
[SourceDate "2023.05.31"]
[SourceVersion "1"]
[SourceVersionDate "2023.05.31"]
[SourceQuality "1"]
[WhiteTeam "Oslo SK 1911"]
[BlackTeam "OSS"]
[WhiteTeamCountry "NOR"]
[BlackTeamCountry "NOR"]

1. d4 Nf6 2. Nf3 d5 3. c4 e6 4. g3 dxc4 5. Bg2 c6 6. 0-0 b5 7. b3 cxb3 8. Qxb3 Be7 9. Rd1 0-0 10. Ne5 Bb7 11. Nc3 a6 12. Bg5 Nfd7 13. Bxe7 Qxe7 14. Nd3 Ra7 15. Ne4 e5 16. e3 c5 17. Ndxc5 Nxc5 18. Nxc5 Bxg2 19. Kxg2 exd4 20. exd4 Nd7 21. Rac1 Rd8 22. a4 bxa4 1/2-1/2

[Event "Titled Tuesday intern op 08th Nov Late"]
[Site "Chess.com INT"]
[Date "2022.11.08"]
[Round "5"]
[White "Bortnyk, Olexandr"]
[Black "Hauge, Lars Oskar"]
[Result "1-0"]
[WhiteElo "2604"]
[BlackElo "2518"]
[PlyCount "129"]
[EventDate "2022.11.08"]
[EventType "swiss (blitz)"]
[EventRounds "11"]
[EventCountry "USA"]
[SourceTitle "EXT 2024"]
[Source "ChessBase"]
[SourceDate "2023.10.10"]
[SourceVersion "1"]
[SourceVersionDate "2023.10.10"]
[SourceQuality "1"]

1. d4 f5 2. Nc3 d5 3. Bf4 a6 4. e3 Nf6 5. Nf3 e6 6. a3 c5 7. Be2 Nc6 8. 0-0 b5 9. Ne5 Bb7 10. Bf3 c4 11. b3 cxb3 12. cxb3 Rc8 13. Nxc6 Bxc6 14. a4 Bb4 15. Ne2 0-0 16. Bg5 Qd7 17. Bxf6 Rxf6 18. Nf4 Bd6 19. Be2 Rf7 20. Nd3 Qe8 21. g3 Rfc7 22. b4 bxa4 23. Nc5 Bb5 24. Nxa6 Bxa6 25. Bxa6 Rb8 26. Rxa4 Rxb4 27. Rxb4 Bxb4 28. Qb3 Bd6 29. Rb1 Kf7 30. Kg2 g6 31. h4 Qa8 32. Qb5 Qc6 33. Qf1 Qc3 34. h5 g5 35. Qb5 Qc6 36. Qb8 Qe8 37. Qb3 Qc6 38. Bf1 h6 39. Qa2 Kf6 40. Rb8 Rc8 41. Rb2 Rc7 42. Bb5 Qc1 43. Be2 Qc6 44. Qb3 Rc8 45. Qd3 Rb8 46. Rc2 Qe8 47. Qd1 g4 48. Qh1 Kg7 49. Rc1 Rc8 50. Ra1 Ra8 51. Rb1 Rb8 52. Rc1 Rc8 53. Rxc8 Qxc8 54. Qb1 Qc7 55. Qb5 Kf7 56. Qa6 Ke7 57. Bb5 Qb8 58. Qc6 Qc7 59. Qe8+ Kf6 60. Qg6+ Ke7 61. Qg7+ Kd8 62. Qh8+ Ke7 63. Qxh6 Qc2 64. Qg7+ Kd8 65. Qd7# 1-0

[Event "Titled Tuesday intern op 08th Nov Late"]
[Site "Chess.com INT"]
[Date "2022.11.08"]
[Round "2"]
[White "Dilanyan, Grigor"]
[Black "Hauge, Lars Oskar"]
[Result "0-1"]
[WhiteElo "2174"]
[BlackElo "2518"]
[PlyCount "142"]
[EventDate "2022.11.08"]
[EventType "swiss (blitz)"]
[EventRounds "11"]
[EventCountry "USA"]
[SourceTitle "EXT 2024"]
[Source "ChessBase"]
[SourceDate "2023.10.10"]
[SourceVersion "1"]
[SourceVersionDate "2023.10.10"]
[SourceQuality "1"]

1. e4 c5 2. Nf3 Nc6 3. Bb5 e6 4. 0-0 Nge7 5. Re1 a6 6. Bf1 d5 7. exd5 Nxd5 8. d4 cxd4 9. Nxd4 Be7 10. Nxc6 bxc6 11. c4 Nb4 12. a3 Qxd1 13. Rxd1 Nc2 14. Ra2 e5 15. b4 Nd4 16. Be3 c5 17. Nc3 Be6 18. Nd5 Bxd5 19. cxd5 a5 20. b5 a4 21. Rb2 Kd7 22. Bc4 Bd6 23. h3 Rhb8 24. Rdb1 f5 25. b6 e4 26. b7 Ra7 27. Bb5+ Ke7 28. Bc6 Nb3 29. Bxa4 Rxa4 30. Rxb3 c4 31. Rc3 Kd7 32. Rb6 Ra7 33. Rxd6+ Kxd6 34. Bf4+ Kxd5 35. Bxb8 Rxb7 36. Bf4 Kd4 37. Rc1 c3 38. Be3+ Kd3 39. g4 g6 40. a4 Rb4 41. a5 Ra4 42. Bb6 c2 43. Kg2 f4 44. Bc7 g5 45. h4 h6 46. hxg5 hxg5 47. Bd8 Kd2 48. Rh1 c1Q 49. Rxc1 Kxc1 50. Bxg5 Rxa5 51. Bxf4+ Kc2 52. Be3 Kd3 53. Kg3 Kc4 54. Kf4 Kd5 55. Kf5 Ra8 56. g5 Rf8+ 57. Kg6 Ke6 58. Kg7 Rf7+ 59. Kh6 Kf5 60. g6 Rf6 61. Kh5 Rxg6 62. Kh4 Rg8 63. Kh3 Ke5 64. Kh2 Kd5 65. Kh3 Kc4 66. Kh4 Kd3 67. Bg5 Ke2 68. Be3 Kf3 69. Bd4 Rg2 70. Kh3 Rxf2 71. Bxf2 Kxf2 0-1

[Event "Titled Tuesday intern op 08th Nov Late"]
[Site "Chess.com INT"]
[Date "2022.11.08"]
[Round "4"]
[White "Moskvin, Anatoly"]
[Black "Hauge, Lars Oskar"]
[Result "1/2-1/2"]
[WhiteElo "2170"]
[BlackElo "2518"]
[PlyCount "138"]
[EventDate "2022.11.08"]
[EventType "swiss (blitz)"]
[EventRounds "11"]
[EventCountry "USA"]
[SourceTitle "EXT 2024"]
[Source "ChessBase"]
[SourceDate "2023.10.10"]
[SourceVersion "1"]
[SourceVersionDate "2023.10.10"]
[SourceQuality "1"]

1. e4 c5 2. Nf3 Nc6 3. g3 Nf6 4. d3 d5 5. exd5 Nxd5 6. Bg2 g6 7. 0-0 Bg7 8. Re1 0-0 9. Nbd2 Re8 10. Ne4 b6 11. h3 e5 12. Bg5 f6 13. Bd2 Be6 14. a4 Qe7 15. Qc1 Rad8 16. Bh6 Bh8 17. Nc3 Qf7 18. Bd2 Bg7 19. Bh6 Bh8 20. Bd2 Rd7 21. Ne4 Qe7 22. Nc3 Red8 23. Nb5 Bg7 24. Na3 Qf8 25. Nc4 h6 26. Ne3 Kh7 27. Ng4 Re8 28. Nh4 f5 29. Ne3 Nd4 30. Bc3 Qf7 31. Nc4 e4 32. Bxd4 Bxd4 33. c3 Bg7 34. dxe4 Nxc3 35. bxc3 Bxc4 36. exf5 Rxe1+ 37. Qxe1 gxf5 38. Nxf5 Bf6 39. Be4 Kh8 40. Rd1 h5 41. Rxd7 Qxd7 42. Qe3 Kg8 43. Qh6 Bxc3 44. Qg6+ Kf8 45. Nd6 Be6 46. Bf5 Qxd6 47. Bxe6 Ke7 48. Qf7+ Kd8 49. Bc4 a5 50. Bb5 Bd4 51. Qe8+ Kc7 52. Qf7+ Kb8 53. Qe8+ Kb7 54. Qf7+ Ka8 55. Qe8+ Ka7 56. Qf7+ Kb8 57. Qe8+ Kb7 58. Qf7+ Qc7 59. Qd5+ Ka7 60. Kg2 Qe7 61. g4 hxg4 62. hxg4 Kb8 63. Qg8+ Kc7 64. Qd5 Qf6 65. Qd7+ Kb8 66. Qe8+ Kb7 67. Qd7+ Kb8 68. Qe8+ Kc7 69. Qd7+ Kb8 1/2-1/2

[Event "SWE-chT 2223 Elite"]
[Site "Sweden"]
[Date "2022.10.15"]
[Round "2.1"]
[White "Domingo Nunez, Ruben"]
[Black "Hauge, Lars Oskar"]
[Result "1/2-1/2"]
[WhiteElo "2383"]
[BlackElo "2531"]
[PlyCount "87"]
[EventDate "2022.10.14"]
[EventType "team-tourn"]
[EventRounds "9"]
[EventCountry "SWE"]
[SourceTitle "CBM 210 Extra"]
[Source "ChessBase"]
[SourceDate "2022.11.30"]
[SourceVersion "1"]
[SourceVersionDate "2022.11.30"]
[SourceQuality "1"]
[WhiteTeam "Limhamn"]
[BlackTeam "Stockholm CC"]
[WhiteTeamCountry "SWE"]
[BlackTeamCountry "SWE"]

1. Nf3 f5 2. g3 Nf6 3. Bg2 g6 4. d4 Bg7 5. c4 d6 6. Nc3 0-0 7. d5 c6 8. 0-0 e5 9. e4 cxd5 10. cxd5 Na6 11. Be3 Qe8 12. Ng5 Nc7 13. Rc1 h6 14. Ne6 Nxe6 15. dxe6 f4 16. gxf4 Bxe6 17. Qxd6 exf4 18. Bxf4 Rd8 19. Qb4 Nh5 20. Bg3 Nf4 21. Bxf4 Rxf4 22. Qxb7 Be5 23. Ne2 Rf7 24. Qa6 Qe7 25. f4 Bg7 26. Rc6 Bg4 27. Rxg6 Bh5 28. Rc6 Qh4 29. Rc8 Bxb2 30. Rxd8+ Qxd8 31. Ng3 Bg4 32. e5 h5 33. Qb5 Qd4+ 34. Kh1 Kh7 35. Ne4 Kg7 36. Ng5 Rxf4 37. Qb7+ Kg6 38. Rxf4 Qxf4 39. Qxb2 Kxg5 40. Qc3 h4 41. e6 Bxe6 42. Qg7+ Kh5 43. Qh7+ Kg5 44. Qg7+ 1/2-1/2

[Event "NOR-ch"]
[Site "Kongsvinger"]
[Date "2022.07.14"]
[Round "7"]
[White "Kaasen, Tor Fredrik"]
[Black "Hauge, Lars Oskar"]
[Result "1-0"]
[WhiteElo "2433"]
[BlackElo "2526"]
[PlyCount "83"]
[EventDate "2022.07.08"]
[EventType "swiss"]
[EventRounds "9"]
[EventCountry "NOR"]
[SourceTitle "CBM 209 Extra"]
[Source "ChessBase"]
[SourceDate "2022.09.30"]
[SourceVersion "1"]
[SourceVersionDate "2022.09.30"]
[SourceQuality "1"]

1. e4 e5 2. Nf3 Nc6 3. Bc4 Nf6 4. d3 Bc5 5. 0-0 d6 6. c3 a5 7. Re1 Ba7 8. Na3 0-0 9. Bg5 h6 10. Bh4 g5 11. Bg3 Bg4 12. Nc2 Bh5 13. Ne3 Bg6 14. h3 Nh5 15. Bh2 Nf4 16. Nd2 Kh8 17. Ndf1 f5 18. exf5 Bxf5 19. Nxf5 Rxf5 20. Ne3 Rf8 21. Rf1 Qf6 22. Kh1 Qg7 23. Qd2 Ne7 24. Rae1 Rad8 25. Bb3 Neg6 26. g3 Nh5 27. Qd1 Nf6 28. d4 Rde8 29. Bc2 e4 30. f3 d5 31. fxe4 dxe4 32. Ng4 c5 33. Nxf6 Rxf6 34. Rxf6 Qxf6 35. Rxe4 Rxe4 36. Bxe4 cxd4 37. Bg1 Ne5 38. cxd4 Nc4 39. Bxb7 Qe6 40. Bg2 Ne3 41. d5 Qf5 42. Qf3 1-0

[Event "NOR-ch"]
[Site "Kongsvinger"]
[Date "2022.07.10"]
[Round "3"]
[White "Hauge, Lars Oskar"]
[Black "Ostmoe, Geir S Tallaksen"]
[Result "1/2-1/2"]
[WhiteElo "2526"]
[BlackElo "2483"]
[PlyCount "68"]
[EventDate "2022.07.08"]
[EventType "swiss"]
[EventRounds "9"]
[EventCountry "NOR"]
[SourceTitle "CBM 209 Extra"]
[Source "ChessBase"]
[SourceDate "2022.09.30"]
[SourceVersion "1"]
[SourceVersionDate "2022.09.30"]
[SourceQuality "1"]

1. e4 c6 2. Nf3 d5 3. Nc3 Bg4 4. h3 Bxf3 5. Qxf3 e6 6. Be2 Nf6 7. 0-0 dxe4 8. Nxe4 Nxe4 9. Qxe4 Nd7 10. d4 Nf6 11. Qe3 Bd6 12. g3 0-0 13. Qf3 Qe7 14. Re1 Rad8 15. Bf1 Rfe8 16. c3 Nd5 17. Bd3 Qf8 18. Bd2 g6 19. Rad1 e5 20. dxe5 Bxe5 21. Bc4 Nb6 22. Bb3 Bg7 23. Be3 Rxd1 24. Rxd1 Re5 25. Rd3 Qe7 26. Qd1 h5 27. Rd8+ Kh7 28. Qd6 Rxe3 29. fxe3 Qxe3+ 30. Kf1 Nd5 31. Bxd5 Qd3+ 32. Kg2 Qe2+ 33. Kg1 Qe1+ 34. Kg2 Qe2+ 1/2-1/2

[Event "NOR-chT Clubs"]
[Site "Drammen"]
[Date "2022.05.26"]
[Round "5"]
[White "Galinsky, Timofey"]
[Black "Hauge, Lars Oskar"]
[Result "1-0"]
[WhiteElo "2346"]
[BlackElo "2528"]
[PlyCount "171"]
[EventDate "2022.05.26"]
[EventType "team-swiss"]
[EventRounds "6"]
[EventCountry "NOR"]
[SourceTitle "EXT 2024"]
[Source "ChessBase"]
[SourceDate "2023.10.10"]
[SourceVersion "1"]
[SourceVersionDate "2023.10.10"]
[SourceQuality "1"]
[WhiteTeam "Oslo SS II"]
[BlackTeam "Oslo SS"]
[WhiteTeamCountry "NOR"]
[BlackTeamCountry "NOR"]

1. Nf3 f5 2. g3 Nf6 3. Bg2 g6 4. c4 Bg7 5. Nc3 d6 6. 0-0 0-0 7. d3 e5 8. Rb1 a5 9. a3 Nc6 10. b4 axb4 11. axb4 h6 12. b5 Ne7 13. c5 Be6 14. Bb2 Nd7 15. cxd6 cxd6 16. Nd2 Nc5 17. Ra1 Rc8 18. Na4 Kh7 19. Rc1 Nxa4 20. Qxa4 Ra8 21. Qb4 Nd5 22. Bxd5 Bxd5 23. Nc4 Rf6 24. d4 e4 25. Ne3 Bg8 26. d5 Rf7 27. Bxg7 Rxg7 28. b6 Ra6 29. Rb1 Qf6 30. Rfc1 f4 31. gxf4 Qxf4 32. Rc7 Qe5 33. Ng4 Qg5 34. Rxg7+ Kxg7 35. Qd4+ Kf7 36. f3 h5 37. Rf1 exf3 38. Rxf3+ Ke8 39. Qh8 Qxg4+ 40. Kf1 Ra1+ 41. Qxa1 Bxd5 42. Qh8+ Kd7 43. Rc3 Qf4+ 44. Ke1 Qh4+ 45. Kd1 Qa4+ 46. Kc1 Qf4+ 47. Kd1 Qa4+ 48. Kd2 Qf4+ 49. Re3 Kc6 50. Qe8+ Kxb6 51. Qxg6 h4 52. Qb1+ Kc7 53. Qb2 Bc6 54. h3 Qg5 55. Qd4 Qa5+ 56. Rc3 Qg5+ 57. Ke1 Kd7 58. Qg4+ Qxg4 59. hxg4 Ke6 60. Rh3 Kf6 61. Rxh4 Kg5 62. Rh8 Kxg4 63. Rd8 d5 64. Rf8 Kg5 65. Kd2 Kg6 66. Ke3 Bb5 67. Rf2 Bc4 68. Kd4 b5 69. Ke5 Kg7 70. e3 Kg6 71. Rf3 Kg7 72. Rf6 Kg8 73. Kf5 Kg7 74. Kg5 Bb3 75. Rb6 Bc4 76. Rb7+ Kf8 77. Kf6 Ke8 78. Ke5 Kf8 79. Ke6 Kg8 80. Kf6 Kh8 81. Rg7 Bb3 82. Kg6 Bc2+ 83. Kh6 Be4 84. Rb7 Kg8 85. Rxb5 Kf7 86. Rb6 1-0

[Event "NOR-chT Clubs"]
[Site "Drammen"]
[Date "2022.05.26"]
[Round "1"]
[White "Morad, Haider M"]
[Black "Hauge, Lars Oskar"]
[Result "0-1"]
[WhiteElo "1792"]
[BlackElo "2528"]
[PlyCount "88"]
[EventDate "2022.05.26"]
[EventType "team-swiss"]
[EventRounds "6"]
[EventCountry "NOR"]
[SourceTitle "EXT 2024"]
[Source "ChessBase"]
[SourceDate "2023.10.10"]
[SourceVersion "1"]
[SourceVersionDate "2023.10.10"]
[SourceQuality "1"]
[WhiteTeam "Fredriksstad II"]
[BlackTeam "Oslo SS"]
[WhiteTeamCountry "NOR"]
[BlackTeamCountry "NOR"]

1. e4 c5 2. c3 d5 3. exd5 Qxd5 4. d4 Nc6 5. Nf3 Bg4 6. Be2 e6 7. Be3 cxd4 8. cxd4 Bb4+ 9. Nc3 Nf6 10. 0-0 Qa5 11. Qb3 0-0 12. h3 Bh5 13. Rac1 Rfd8 14. Rfd1 Rac8 15. a3 Bxc3 16. bxc3 Qc7 17. Bg5 Na5 18. Qc2 Bg6 19. Bd3 Nc4 20. Bxg6 hxg6 21. Qb3 Rd7 22. Bxf6 gxf6 23. Nd2 Qb6 24. Qxb6 Nxb6 25. Ne4 Kg7 26. Rd3 Nc4 27. Rf3 f5 28. Nc5 Rdc7 29. Rd3 b6 30. Na6 Rd7 31. Nb4 Nxa3 32. d5 exd5 33. Rxd5 Rdc7 34. Na2 Re7 35. Nb4 Nc4 36. Rcd1 Nb2 37. Rd7 Rc7 38. Rxe7 Rxe7 39. Ra1 Rd7 40. Nc6 a5 41. Nd4 Rc7 42. Ra2 Nd1 43. Nb5 Nxc3 44. Rxa5 Rc5 0-1

[Event "NOR-UKR Solidarity m"]
[Site "Tornelo INT"]
[Date "2022.04.23"]
[Round "1.4"]
[White "Moiseenko, Alexander"]
[Black "Hauge, Lars Oskar"]
[Result "1-0"]
[WhiteElo "2602"]
[BlackElo "2530"]
[PlyCount "103"]
[EventDate "2022.04.23"]
[EventType "team-match"]
[EventRounds "4"]
[EventCountry "UKR"]
[SourceTitle "CBM 207 Extra"]
[Source "ChessBase"]
[SourceDate "2022.05.31"]
[SourceVersion "1"]
[SourceVersionDate "2022.05.31"]
[SourceQuality "1"]
[WhiteTeam "Ukraine"]
[BlackTeam "Norway"]
[WhiteTeamCountry "UKR"]
[BlackTeamCountry "NOR"]

1. d4 f5 2. Bg5 h6 3. Bh4 g5 4. e3 Bg7 5. Bg3 c5 6. c3 Qb6 7. Na3 d6 8. Nc4 Qc7 9. Qb3 Nf6 10. Nf3 Ne4 11. Ncd2 Nxg3 12. hxg3 e6 13. 0-0-0 0-0 14. Kb1 Nc6 15. dxc5 dxc5 16. Nc4 Qe7 17. Be2 Rb8 18. a4 b6 19. Nd6 Bd7 20. e4 Na5 21. Qc2 Nb7 22. Nxb7 Rxb7 23. exf5 exf5 24. Bc4+ Kh8 25. Rhe1 Qf6 26. Ne5 Be8 27. f4 Re7 28. Bb5 Bh5 29. Rd7 Rfe8 30. Rh1 Bg6 31. Qd2 Rxe5 32. fxe5 Rxe5 33. Rd6 Qf7 34. Re1 Rxe1+ 35. Qxe1 f4+ 36. Ka1 fxg3 37. Qxg3 Bh7 38. Qf3 Qb3 39. Qd5 Qxd5 40. Rxd5 Be4 41. Rd8+ Kh7 42. Bd3 Bxd3 43. Rxd3 h5 44. Kb1 Kg6 45. Kc2 g4 46. Kd1 Kf5 47. Ke2 Be5 48. Rd7 h4 49. Rxa7 h3 50. gxh3 gxh3 51. Kf3 h2 52. Kg2 1-0

[Event "Reykjavik 4 Nations Cup"]
[Site "Reykjavik"]
[Date "2022.01.30"]
[Round "5.3"]
[White "Gretarsson, Hjorvar Steinn"]
[Black "Hauge, Lars Oskar"]
[Result "1/2-1/2"]
[WhiteElo "2548"]
[BlackElo "2513"]
[PlyCount "153"]
[EventDate "2022.01.30"]
[EventType "team-tourn (rapid)"]
[EventRounds "6"]
[EventCountry "ISL"]
[SourceTitle "CBM 206 Extra"]
[Source "ChessBase"]
[SourceDate "2022.03.31"]
[SourceVersion "1"]
[SourceVersionDate "2022.03.31"]
[SourceQuality "1"]
[WhiteTeam "Iceland"]
[BlackTeam "Norway"]
[WhiteTeamCountry "ISL"]
[BlackTeamCountry "NOR"]

1. c4 f5 2. Nc3 Nf6 3. g3 g6 4. Bg2 Bg7 5. d3 0-0 6. e4 d6 7. Nge2 Nc6 8. h3 e5 9. Be3 f4 10. gxf4 Nh5 11. f5 gxf5 12. exf5 Bxf5 13. Qd2 Nf4 14. Bxf4 exf4 15. 0-0-0 Qd7 16. Rhg1 Kh8 17. Nxf4 Ne5 18. Kb1 Nxc4 19. Qc2 Rae8 20. Nh5 Ne5 21. Nxg7 Qxg7 22. Be4 Qf7 23. d4 Nf3 24. Rg3 Bxe4 25. Nxe4 Qf5 26. Nc3 Qxc2+ 27. Kxc2 c6 28. d5 c5 29. Nb5 Re2+ 30. Kd3 Rxb2 31. Nxd6 Ne5+ 32. Ke4 Nd7 33. Rf3 Re2+ 34. Kd3 Rxf2 35. Rxf2 Rxf2 36. Re1 Rf3+ 37. Kc4 Rf4+ 38. Kc3 Rf3+ 39. Kc4 Rf4+ 40. Kc3 Rf3+ 41. Kd2 Nf6 42. Nf7+ Kg8 43. Ne5 Rf2+ 44. Ke3 Rf5 45. Kd3 Nxd5 46. Ke4 Ne7 47. Rd1 Rf8 48. Rd7 Ng6 49. Ng4 Re8+ 50. Kf5 Re7 51. Rd8+ Kg7 52. Kg5 Ne5 53. Rc8 Nxg4 54. hxg4 b6 55. Kf5 Rf7+ 56. Kg5 Re7 57. Kf5 Rf7+ 58. Kg5 Re7 59. Kh5 Re5+ 60. g5 Re7 61. a4 Rd7 62. a5 bxa5 63. Rxc5 a6 64. Rxa5 Ra7 65. Kg4 Kg6 66. Kh4 h6 67. gxh6 Kxh6 68. Kg4 Kg6 69. Kf4 Kf6 70. Ke4 Ke6 71. Kd4 Kd6 72. Kc4 Kc6 73. Rh5 Rd7 74. Rh6+ Rd6 75. Rxd6+ Kxd6 76. Kb4 a5+ 77. Kxa5 1/2-1/2

[Event "Reykjavik 4 Nations Cup"]
[Site "Reykjavik"]
[Date "2022.01.30"]
[Round "2.3"]
[White "Hauge, Lars Oskar"]
[Black "Andersen, Mads"]
[Result "0-1"]
[WhiteElo "2513"]
[BlackElo "2570"]
[PlyCount "112"]
[EventDate "2022.01.30"]
[EventType "team-tourn (rapid)"]
[EventRounds "6"]
[EventCountry "ISL"]
[SourceTitle "CBM 206 Extra"]
[Source "ChessBase"]
[SourceDate "2022.03.31"]
[SourceVersion "1"]
[SourceVersionDate "2022.03.31"]
[SourceQuality "1"]
[WhiteTeam "Norway"]
[BlackTeam "Denmark"]
[WhiteTeamCountry "NOR"]
[BlackTeamCountry "DEN"]

1. e4 e5 2. Nc3 Nf6 3. Bc4 Nc6 4. d3 Bc5 5. f4 d6 6. Nf3 exf4 7. Bxf4 0-0 8. Qd2 Be6 9. Bb3 a5 10. Bg5 h6 11. Bh4 Nd4 12. Rf1 Nxf3+ 13. Rxf3 Nxe4 14. Qf4 Ng5 15. Ne4 Bxb3 16. axb3 Nxf3+ 17. gxf3 f6 18. 0-0-0 Qe7 19. d4 Bb6 20. Ng3 g5 21. Nf5 gxf4 22. Nxe7+ Kf7 23. Nd5 Rae8 24. c3 Ke6 25. Nxf4+ Kf5 26. Nd5 Re2 27. Bg3 Rfe8 28. Rf1 h5 29. Nf4 R2e3 30. Nxh5 Rg8 31. Kd2 Re7 32. Nf4 c6 33. Ng2 d5 34. Ne3+ Ke6 35. Kd3 Bc7 36. f4 Kd7 37. Rf3 b5 38. Bh4 Re4 39. Bg3 a4 40. bxa4 bxa4 41. Rf2 Rb8 42. Ng4 f5 43. Nf6+ Ke6 44. Nxe4 fxe4+ 45. Kc2 Kf5 46. Rf1 Bd6 47. Ra1 Rh8 48. Rxa4 Bxf4 49. Ra7 Bxg3 50. hxg3 Rh2+ 51. Kc1 Kg4 52. Rf7 e3 53. b3 Kxg3 54. Kd1 Rf2 55. Re7 Kf3 56. Ke1 Rb2 0-1